Statistiche per Soprannomi squadre di calcio - Italia - Quiz n°2

Clicka qui per fare il quiz!

Statistiche generali

  • Questo quiz è stato fatto 132 volte
  • Il punteggio medio è 8 su 10

Statistiche sulle risposte

HintRisposta% Corretto
AzzurriNapoli
97%
ViolaFiorentina
96%
Il GrifoneGenoa
95%
I lagunariVenezia
90%
I lupiAvellino
83%
Gli stregoniBenevento
82%
BiancoscudatiPadova
65%
FelsineiBologna
54%
La BeneamataInter
51%
I doriciAncona
50%

Distribuzione punteggi

Percentile per numero di risposta

Percentuale di utenti per punteggio

I tuoi punteggi nel tempo

Non hai fatto questo quiz